Exercise Physiology - Theory and Application to Fitness and Performance (Record no. 33858)
[ view plain ]
| 000 -LEADER | |
|---|---|
| fixed length control field | 00654nam a22002177a 4500 |
| 003 - CONTROL NUMBER IDENTIFIER | |
| control field | JO-AjAnu |
| 005 - DATE AND TIME OF LATEST TRANSACTION | |
| control field | 20241110135527.0 |
| 008 - FIXED-LENGTH DATA ELEMENTS--GENERAL INFORMATION | |
| fixed length control field | 241110b jo ||||| |||| 00| 0 ara d |
| 020 ## - INTERNATIONAL STANDARD BOOK NUMBER | |
| International Standard Book Number | 9-13390-266-1-978 |
| 040 ## - CATALOGING SOURCE | |
| Transcribing agency | JO-AjAnu |
| 041 ## - LANGUAGE CODE | |
| Language code of original | ENG |
| 100 ## - MAIN ENTRY--PERSONAL NAME | |
| Personal name | Powers, Scott K. |
| Relator term | Author |
| 9 (RLIN) | 66451 |
| 245 ## - TITLE STATEMENT | |
| Title | Exercise Physiology - Theory and Application to Fitness and Performance |
| Statement of responsibility, etc. | / Scott K. Powers |
| 250 ## - EDITION STATEMENT | |
| Edition statement | 12th Edition |
| 260 ## - PUBLICATION, DISTRIBUTION, ETC. | |
| Name of publisher, distributor, etc. | Mc Graw Hill, |
| Date of publication, distribution, etc. | 2024 |
| 300 ## - PHYSICAL DESCRIPTION | |
| Extent | pages 660 |
| 650 ## - SUBJECT ADDED ENTRY--TOPICAL TERM | |
| Form subdivision | Exercise-Physiology |
| 700 ## - ADDED ENTRY--PERSONAL NAME | |
| Personal name | Edward T. Howley |
| Relator term | Joint Author |
| 9 (RLIN) | 66452 |
| 700 ## - ADDED ENTRY--PERSONAL NAME | |
| Personal name | John C. Quindry |
| Relator term | Joint Author |
| 9 (RLIN) | 66453 |
| 942 ## - ADDED ENTRY ELEMENTS (KOHA) | |
| Source of classification or shelving scheme | Library of Congress Classification |
| Koha item type | Books |
| Suppress in OPAC | No |
| Withdrawn status | Lost status | Source of classification or shelving scheme | Damaged status | Not for loan | Home library | Current library | Date acquired | Total Checkouts | Full call number | Barcode | Date last seen | Price effective from | Koha item type |
|---|---|---|---|---|---|---|---|---|---|---|---|---|---|
| Library of Congress Classification | مكتبة جامعة عجلون الوطنية | مكتبة جامعة عجلون الوطنية | 10/11/2024 | GV481.2024 | E4029 | 10/11/2024 | 10/11/2024 | Books | |||||
| Library of Congress Classification | مكتبة جامعة عجلون الوطنية | مكتبة جامعة عجلون الوطنية | 10/11/2024 | GV481.2024 | E4030 | 10/11/2024 | 10/11/2024 | Books |